00239nam a22000857a 4500082002000000100001900020245007300039260003200112300000900144 a616.891425bWOO aJeffrey C. Woo aThe Cognitive behavioral therapy: workbook for personality disorder/ aNew York:bHarbinger;c2010 a232p